Caribbean Countries - Statistics

General Stats
  • This quiz has been taken 61 times
    30 since last reset
  • The average score is 9 of 13
Answer Stats
Capital Answer % Correct
Nassau Bahamas
100%
Havana Cuba
95%
Port-au-Prince Haiti
90%
Kingston Jamaica
90%
Santo Domingo Dominican Republic
76%
Bridgetown Barbados
67%
Roseau Dominica
67%
St. George's Grenada
62%
St. John's Antigua and Barbuda
57%
Castries St. Lucia
57%
Port of Spain Trinidad and Tobago
52%
Basseterre St. Kitts and Nevis
48%
Kingstown St. Vincent and the Grenadines
33%
No matching quizzes found
Score Distribution
Percent of People with Each Score
Percentile by Number Answered
Your Score History
You have not taken this quiz since the last reset